[Event "12th Arad Open 2019"]
[Site "Arad"]
[Date "2019.07.24"]
[Round "1.30"]
[White "Florescu, Codrut-Constantin"]
[Black "Georgescu, Gabriel-Ioan"]
[Result "1-0"]
[WhiteElo "2312"]
[BlackElo "1793"]
[Annotator "TA"]
[PlyCount "119"]
[EventDate "2019.07.24"]
[EventType "swiss"]
[EventCountry "ROU"]
[SourceTitle "playchess.com"]
[Source "ChessBase"]
[SourceQuality "1"]

{[%evp 9,119,0,7,13,0,0,2,0,11,0,44,0,0,0,0,5,0,0,19,23,6,4,27,20,52,25,38,-15,14,-8,0,-11,-13,-30,-30,-52,54,45,46,32,33,0,0,0,0,0,34,35,31,24,36,39,53,25,42,31,37,36,53,52,50,53,53,53,45,35,120,120,122,35,195,179,198,202,195,179,187,182,179,174,173,164,137,51,102,102,99,19,124,14,270,38,275,288,493,492,450,442,341,38,32,42,908,858,4822,1613,4814,4698,5241,5711,29986,29987]} 1. d4 Nf6 2. Bf4 e6 3. e3 b6 4. Nf3 Bb7 5. Bd3 Nh5 (5... c5 6. O-O Be7 7. c4 O-O 8. Nc3 cxd4 9. exd4 d5 10. cxd5 Nxd5 11. Bg3 Nd7 12. Rc1 N7f6 13. Re1 Nxc3 14. bxc3 {½-½ (61) Caruana,F (2802)-Hou,Y (2652) chess.com INT 2017}) 6. Bg5 {A47: 1 d4 Nf6 2 Nf3 b6: Torre, London and Colle Systems} Be7 7. h4 Nf6 $146 ({Predecessor:} 7... h6 8. Bxe7 Qxe7 9. c4 c5 10. Nc3 Nf6 11. Qe2 Nc6 12. O-O-O cxd4 13. exd4 {½-½ (40) Berchtold,C (2308)-Stadler,B (2326) ICCF email 2009}) 8. Nbd2 {The position is equal.} h6 9. Bf4 Bd6 10. Ne5 Be7 11. Qe2 d6 12. Nef3 c5 13. c3 cxd4 14. exd4 Nbd7 15. O-O-O Qc7 16. Kb1 O-O-O 17. c4 Kb8 18. b4 (18. Bh2 $14) 18... Ka8 19. Rc1 e5 20. Bg3 Rhe8 21. d5 Nh5 22. Nb3 Nf4 ({Black should play} 22... Ndf6 $15 23. Nfd2 Nxg3 24. fxg3 Qd7) 23. Bxf4 $1 $14 exf4 24. Qd2 Ne5 25. Nfd4 Nxd3 26. Qxd3 Bf6 27. Rc2 Qe7 28. Nc6 Bxc6 $1 29. dxc6 Qe4 30. Qxe4 Rxe4 31. Rd1 Kb8 32. f3 $36 {[%mdl 2048] White fights for an advantage.} Re6 33. b5 Kc7 34. Nd4 Bxd4 35. Rxd4 {[%mdl 4096] Endgame KRR-KRR} g5 36. hxg5 hxg5 37. Rd5 Re5 (37... f6 $1 $14) 38. Rcd2 $1 $16 f6 39. Kc2 (39. a4 $16) 39... a5 $2 (39... Re6 $14) 40. Rd1 $1 $18 Re2+ 41. R5d2 $1 {[%cal Rd2e2]} Rde8 42. Rh1 R2e7 43. Rh6 Re6 44. Rh7+ R8e7 45. Rxe7+ Rxe7 {KR-KR} 46. Kd1 (46. Rf2 $1 $16) 46... Re5 (46... Re3 $14) 47. Re2 $16 f5 48. Re1 (48. Kd2 $16) 48... g4 (48... Rc5 $1 $11 {remains equal.}) 49. Rh1 (49. Kd2 $1 $16) 49... Re7 $2 {[%mdl 8192]} (49... Rc5 $11 {and Black stays safe.}) 50. Rh8 $2 (50. Kd2 $18) 50... gxf3 $2 (50... Re3 $1 $14) 51. gxf3 $18 Re3 $2 (51... Rg7 {was called for.} 52. Rh4 Rg2 53. Rxf4 Rxa2 54. Rxf5 Ra4) 52. Rh7+ Kc8 {[#]} 53. Rb7 $1 Rc3 {[#]} 54. Rxb6 $2 (54. Kd2 $1 $18 {[%cal Rd2c3]} Rxc4 55. Kd3 (55. Rxb6 a4 $14)) 54... Rxc4 $14 55. Ra6 Kc7 $2 {[%mdl 8192]} (55... a4 $14) 56. Ra7+ $18 Kb6 57. Rb7+ Kc5 58. c7 Kd4 59. b6 Kd3 60. Rb8 {Accuracy: White = 52%, Black = 31%.} 1-0

[Event "12th Arad Open 2019"]
[Site "Arad"]
[Date "2019.07.24"]
[Round "1.31"]
[White "Parasca, Claudiu"]
[Black "Ardeleanu, Alin"]
[Result "0-1"]
[WhiteElo "1795"]
[BlackElo "2323"]
[Annotator "TA"]
[PlyCount "28"]
[EventDate "2019.07.24"]
[EventType "swiss"]
[EventCountry "ROU"]
[SourceTitle "playchess.com"]
[Source "ChessBase"]
[SourceQuality "1"]

{[%evp 11,28,-8,32,-20,2,-56,-59,-98,-70,-159,-172,-223,-216,-285,-297,-29997,-97,-29998,-29999]} 1. d4 Nf6 2. Nf3 g6 3. g3 Bg7 4. Bg2 c5 5. O-O cxd4 6. Nxd4 O-O 7. c3 {A49: 1 d4 Nf6 2 Nf3 g6 3 g3: Anti-King's Indian systems} (7. c4 $14) (7. c4 Qc7 8. b3 Nc6 9. Bb2 d6 10. Nc3 Bd7 11. Rc1 Qa5 12. Nd5 Nxd5 13. cxd5 Nxd4 14. Bxd4 Rfc8 15. Bxg7 Kxg7 16. Qd4+ f6 17. a4 b5 18. axb5 Qxb5 {1-0 (34) Huebner,R (2574)-Kovalenko,I (2684) Puhajarve 2016}) 7... d5 $11 8. f4 (8. Bg5 $11) 8... Nc6 $15 9. Nxc6 {Black is slightly better.} bxc6 10. Nd2 $146 {[#]} ({White should try} 10. Be3 $15) ({Predecessor:} 10. Be3 Rb8 11. b3 Qc7 12. Nd2 Ng4 13. Bd4 Bxd4+ 14. cxd4 Ne3 15. Qc1 Nxf1 16. Kxf1 Ba6 17. Bxd5 Rfd8 18. Bc4 Qa5 19. e3 c5 20. d5 {0-1 (20) Bachofner,S (1904)-Gerber,R (2393) Lenk 2011}) 10... Qb6+ $1 $17 11. Kh1 {[#]} (11. e3 {was called for.}) 11... Ng4 $1 $19 12. Qb3 Nf2+ 13. Kg1 $2 {[#]} (13. Rxf2 $19 Qxf2 14. Qd1) 13... Nh3+ $1 {[%mdl 576] Discovered Attack (Double check)} 14. Kh1 {[#]} Qg1+ $1 {[%mdl 512] Accuracy: White = 26%, Black = 100%.} 0-1

[Event "12th Arad Open 2019"]
[Site "Arad"]
[Date "2019.07.24"]
[Round "1.32"]
[White "Tomici, Stefan"]
[Black "Gheorghiu, Alexandru-Dan"]
[Result "1-0"]
[WhiteElo "2329"]
[BlackElo "1796"]
[Annotator "TA"]
[PlyCount "109"]
[EventDate "2019.07.24"]
[EventType "swiss"]
[EventCountry "ROU"]
[SourceTitle "playchess.com"]
[Source "ChessBase"]
[SourceQuality "1"]

{[%evp 16,109,17,9,61,53,59,34,34,34,34,30,33,33,23,25,15,12,8,6,36,17,38,28,26,12,42,11,8,-30,23,16,23,22,50,50,63,54,80,72,80,65,163,161,160,160,161,164,161,150,233,227,226,223,236,198,236,185,278,158,240,216,216,216,216,216,216,199,274,252,285,261,248,248,453,453,854,827,1127,1116,1001,919,1398,1287,1579,1536,1964,1764,2816,2530,6469,6448,5722,5635,2574,2384]} 1. c4 e6 2. Nf3 d5 3. g3 Nf6 4. Bg2 Bd6 5. O-O Nbd7 6. b3 O-O 7. Bb2 Re8 8. Nc3 c6 9. Qc2 a6 {A13: English Opening: 1...e6} (9... e5 $11) 10. d4 $14 b5 11. Rac1 $146 ({Predecessor:} 11. c5 Bc7 12. b4 a5 13. a3 e5 14. e4 dxe4 15. Nxe4 Nxe4 16. Qxe4 Nf6 17. Qc2 e4 18. Ne5 Qd5 19. f3 Bf5 20. Bh1 Bg6 21. Nxg6 {½-½ (21) Hasangatin,R (2476)-Tikkanen,H (2394) Olomouc 2007}) 11... Bb7 {White is slightly better.} 12. Rfd1 Rc8 13. c5 Bc7 14. Nb1 {[%cal Bc3b1,Bb1d2,Bd2f3,Bf3e5][%mdl 32]} Ne4 15. Ne5 f5 16. Nxd7 Qxd7 17. Nd2 {[%cal Rd2e4]} a5 18. Nf3 b4 19. Ne5 Qe7 20. f3 Nf6 21. Qd2 Nd7 22. Qe3 Bb8 (22... Nxe5 $142 23. dxe5 g5) 23. f4 $11 Ba6 24. Ra1 Bb5 25. a3 bxa3 26. Rxa3 Bc7 27. Bc3 Ra8 28. Rda1 Nb8 (28... Nf6 $14) 29. Bxa5 $18 Bxa5 30. Rxa5 Rxa5 31. Rxa5 Qc7 32. Ra3 Na6 (32... Nd7 $16 33. Nf3 Qb7) 33. Qd2 Ra8 34. e3 Qb7 35. Kf2 Kf8 36. Bf3 Ke8 (36... Nb8 $142 37. Ra5 Ke7) 37. g4 ({White should try} 37. Be2 $18) 37... Nc7 (37... Nb8 $16 {was worth a try.} 38. Ra5 Nd7) 38. Qa2 Rxa3 39. Qxa3 Qa6 40. Qxa6 Nxa6 {[%mdl 4096] Endgame KBN-KBN} 41. Ke1 Nb8 (41... fxg4 {was necessary.} 42. Bxg4 Ke7) 42. Kd2 Kd8 43. gxf5 exf5 44. Nf7+ Kc7 $2 (44... Ke7) 45. Nd6 {White is clearly winning.} g6 (45... Ba6 $142 46. Ne8+ Kd8) 46. Nxb5+ {[%mdl 64] [#] Overworked Piece} cxb5 47. Bxd5 {KB-KN} Nd7 48. Bf3 Nf6 49. d5 h6 50. h4 b4 51. Kd3 Nh7 52. Kc4 g5 53. hxg5 hxg5 54. fxg5 Nxg5 55. Bg2 {Accuracy: White = 65%, Black = 32%.} 1-0

[Event "12th Arad Open 2019"]
[Site "Arad"]
[Date "2019.07.24"]
[Round "1.33"]
[White "Marchidan, Costica"]
[Black "Ciorgovean, Iustin"]
[Result "0-1"]
[WhiteElo "1801"]
[BlackElo "2330"]
[Annotator "TA"]
[PlyCount "19"]
[EventDate "2019.07.24"]
[EventType "swiss"]
[EventCountry "ROU"]
[SourceTitle "playchess.com"]
[Source "ChessBase"]
[SourceQuality "1"]

{[%evp 9,19,0,0,0,0,0,1,0,0,0,36,0]} 1. d4 Nf6 2. Bf4 e6 3. e3 b6 4. Nf3 Bb7 5. Bd3 Nh5 (5... c5 6. O-O Be7 7. c4 O-O 8. Nc3 cxd4 9. exd4 d5 10. cxd5 Nxd5 11. Bg3 Nd7 12. Rc1 N7f6 13. Re1 Nxc3 14. bxc3 {½-½ (61) Caruana,F (2802)-Hou,Y (2652) chess.com INT 2017}) 6. Bg5 {A47: 1 d4 Nf6 2 Nf3 b6: Torre, London and Colle Systems} Be7 7. h4 Nf6 $146 ({Predecessor:} 7... h6 8. Bxe7 Qxe7 9. c4 c5 10. Nc3 Nf6 11. Qe2 Nc6 12. O-O-O cxd4 13. exd4 {½-½ (40) Berchtold,C (2308)-Stadler,B (2326) ICCF email 2009}) 8. Nbd2 h6 9. Bf4 Bd6 10. Ne5 {[%mdl 32768] Loss on time!?} 0-1

[Event "12th Arad Open 2019"]
[Site "Arad"]
[Date "2019.07.24"]
[Round "1.34"]
[White "Manea, Alexandru"]
[Black "Didiliuc, Dariana-Gabriela"]
[Result "1/2-1/2"]
[WhiteElo "2333"]
[BlackElo "1809"]
[Annotator "TA"]
[PlyCount "49"]
[EventDate "2019.07.24"]
[EventType "swiss"]
[EventCountry "ROU"]
[SourceTitle "playchess.com"]
[Source "ChessBase"]
[SourceQuality "1"]

{[%evp 9,49,0,0,0,0,-8,0,-31,-12,-19,0,-38,-5,-15,-16,-60,-60,-103,-82,-68,-40,-34,-24,-71,-70,-62,-85,-111,-101,-95,-96,-134,-81,-80,-76,-79,-87,-168,-119,-157,-181,-168]} 1. d4 Nf6 2. g3 d5 3. Bg2 c6 4. c4 dxc4 5. Nf3 b5 6. O-O {D11: Slav Defence: 3 Nf3 sidelines and 3...Nf6 4 e3 Bg4} Bb7 7. a4 e6 8. b3 {The position is equal.} (8. Ne5 $5 {[%cal Ra4b5]}) (8. Ne5 a6 9. Nc3 Nd5 10. e4 Nxc3 11. bxc3 Be7 12. Rb1 Qc8 13. Qg4 g6 14. f4 Nd7 15. f5 Nxe5 16. dxe5 h5 17. Qf3 exf5 18. exf5 Qxf5 19. Qxc6+ Bxc6 20. Bxc6+ {½-½ (78) Inarkiev,E (2689)-Piorun,K (2651) Katowice 2017}) 8... cxb3 9. Qxb3 a6 10. Nc3 Be7 11. e4 O-O 12. Bg5 h6 13. Be3 $146 ({Predecessor:} 13. Bxf6 Bxf6 14. e5 Be7 {1-0 (50) Perez Fungueiro,M (2234)-Stanoev,A (1953) Ourense 2007}) 13... Nbd7 14. e5 Nd5 15. Nxd5 exd5 (15... cxd5 {looks sharper.} 16. Rfc1 Qb6 17. Rcb1 Bc6 18. a5 Qa7) 16. a5 c5 17. dxc5 Nxc5 18. Qb2 Rc8 19. Rfd1 Qc7 20. Bh3 {[#]} Ne6 (20... d4 $142 $1 {[%cal Rd4e3][%mdl 512]} 21. Nxd4 (21. Qxd4 Bxf3) 21... Qxe5 22. Bxc8 Rxc8) 21. Bb6 $17 Qd7 22. Nd4 Rc4 23. Bf5 (23. Qb1 $17) 23... Rfc8 24. Rd3 Bb4 25. Rad1 {Accuracy: White = 19%, Black = 58%.} 1/2-1/2

[Event "12th Arad Open 2019"]
[Site "Arad"]
[Date "2019.07.24"]
[Round "1.35"]
[White "Gorodetzky, Matan"]
[Black "Malos, Vasilica"]
[Result "1-0"]
[WhiteElo "2290"]
[BlackElo "1782"]
[Annotator "TA"]
[PlyCount "78"]
[EventDate "2019.07.24"]
[EventType "swiss"]
[EventCountry "ROU"]
[SourceTitle "playchess.com"]
[Source "ChessBase"]
[SourceQuality "1"]

{[%evp 17,78,32,27,6,24,0,27,8,15,0,0,-2,-14,-4,7,-10,0,-32,23,17,26,11,67,65,64,59,87,77,88,35,83,0,88,69,88,72,75,18,99,63,100,102,113,113,112,112,112,112,297,302,270,163,141,109,149,122,516,508,596,598,922,910,1597]} 1. Nf3 Nf6 2. d4 d5 3. c4 c6 4. e3 g6 5. Nc3 Bg7 6. Be2 Nbd7 7. b3 O-O 8. Bb2 b6 9. O-O Bb7 10. Rc1 {D94: Grünfeld: 4 Nf3 Bg7 5 e3} Rc8 11. Qd3 (11. b4 c5 12. dxc5 bxc5 13. bxc5 Nxc5 14. cxd5 Nxd5 15. Nd4 e6 16. Nxd5 Bxd5 17. Rc2 Ne4 {1-0 (88) Smirin,I (2657)-Gupta,A (2643) New Delhi 2012}) 11... Re8 $146 ({Predecessor:} 11... Ba6 12. Qb1 dxc4 13. bxc4 c5 14. d5 Qc7 15. e4 Ng4 16. h3 Nge5 17. Nd2 g5 {0-1 (42) Hon,J-Hlavac,L Pardubice 1994}) 12. Rfd1 {White has an edge.} e6 13. e4 dxe4 14. Nxe4 Nxe4 15. Qxe4 Qe7 16. Re1 Ba8 17. c5 Bb7 (17... Nxc5 $1 $15 18. Qe3 Nd7) 18. b4 $11 Nf6 19. Qe3 b5 (19... Nd5 $11 20. Qb3 Nf4) 20. Qb3 Nd5 21. a4 a6 22. Rcd1 Qc7 23. Nd2 (23. a5 $16) 23... Nf6 24. Nf3 (24. a5 $16) 24... Rcd8 (24... Nd5 $11 {remains equal.}) 25. Bc1 h6 26. Ne5 Nd5 27. Bf3 ({White should try} 27. Bd2 $16) 27... Bc8 (27... bxa4 $11 28. Qa3 a5) 28. Bd2 Bd7 29. a5 Bc8 30. h4 Bb7 31. g3 Qe7 32. Qb1 Qf6 $2 {[#]} (32... Kh8 $16) 33. Qc1 $1 $18 Kh7 34. Kg2 Qe7 35. Qc2 {Threatens to win with h5.} Bxe5 36. Rxe5 {Strongly threatening h5.} Qf8 $2 {[%mdl 8192] [#]} (36... Kg7 $16 {is a better chance.} 37. Rde1 Nf6) 37. h5 {White is clearly winning.} f5 {Now ...g5 and Black clings on.} 38. hxg6+ Kg7 39. Rh1 f4 {Accuracy: White = 53%, Black = 20%.} 1-0

[Event "12th Arad Open 2019"]
[Site "Arad"]
[Date "2019.07.24"]
[Round "1.36"]
[White "Bradateanu, Corneliu"]
[Black "Gilea, Lucian"]
[Result "0-1"]
[WhiteElo "1763"]
[BlackElo "2287"]
[Annotator "TA"]
[PlyCount "134"]
[EventDate "2019.07.24"]
[EventType "swiss"]
[EventCountry "ROU"]
[SourceTitle "playchess.com"]
[Source "ChessBase"]
[SourceQuality "1"]

{[%evp 9,134,0,3,0,0,-7,-4,0,-7,-6,-6,-39,6,0,0,0,-2,-12,-4,-9,-4,-14,8,0,19,0,0,-17,-11,-2,0,-75,-78,-121,-126,-114,-90,-98,-93,-141,-131,-125,-74,-78,-42,-47,-48,-79,-76,-91,-87,-77,-84,-260,-252,-376,-357,-363,-337,-318,-260,-269,-199,-241,-166,-346,-342,-360,-279,-190,-16,-77,-77,-77,-77,-77,-80,-78,-81,-486,-311,-317,-314,-314,-314,-288,-306,-259,-75,-305,-303,-283,-292,-360,-346,-330,-124,-108,-106,-129,-79,-403,-397,-29979,-29980,-29980,-29980,-29980,-29980,-29980,-29981,-29981,-29982,-29982,-29983,-29983,-29984,-29984,-29985,-29985,-29986,-29986,-29987,-29989,-29990,-29991,-29992]} 1. Nf3 d5 2. d4 Nf6 3. g3 c5 4. c3 (4. Bg2 Nc6 5. O-O e6 6. c4 dxc4 7. Ne5 Bd7 8. Na3 cxd4 9. Naxc4 Be7 10. Qb3 Qc7 11. Bf4 Nh5 12. Nxc6 Nxf4 13. Nxe7 Nxg2 14. Qb4 a5 15. Nd5 exd5 16. Nd6+ Kf8 17. Qa3 Kg8 {0-1 (42) Adly,A (2620)-Harikrishna,P (2743) Batumi 2018}) 4... Nc6 5. Bg2 Bf5 6. Qb3 {D02: 1 d4 d5 2 Nf3 sidelines, including 2...Nf6 3 g3 and 2...Nf6 3 Bf4} Qc8 7. Bf4 $146 ({Predecessor:} 7. dxc5 e6 8. Nh4 Be4 9. f3 Bxb1 10. Rxb1 Bxc5 11. Bg5 Nd7 {0-1 (37) Heinatz,G (2174)-Osmanodja,F (2245) Germany 2018}) 7... e6 8. Nbd2 {The position is equal.} h6 9. O-O Be7 10. Be5 c4 11. Qa4 O-O 12. Bxf6 $1 Bxf6 13. Rfe1 {[#]} b5 $1 {[%mdl 512]} 14. Qd1 (14. Qxb5 Rb8) 14... Rd8 15. e4 dxe4 16. Nxe4 Be7 17. Qe2 Rb8 18. a4 b4 19. a5 Rb5 20. Qxc4 (20. a6 $11) 20... Nxd4 $1 $17 {[%mdl 64] Discovered Attack} (20... Rxa5 $6 21. Nfd2 $11) 21. Qf1 Nxf3+ 22. Bxf3 Rb8 23. c4 b3 24. Rac1 Bb4 25. Red1 Qc7 ({Don't play} 25... Bxa5 26. Nd6 $15) (25... Bxe4 $142 26. Bxe4 Bd2) 26. a6 Bc5 27. Rxd8+ Rxd8 28. Rd1 {Rxd8+ is the strong threat.} Bd4 29. Qe2 e5 30. Kg2 Be6 31. Rc1 $2 (31. c5 $17 {might work better.}) 31... f5 $19 32. Nc3 (32. Nd2 {was forced.} e4 33. Bh5) 32... e4 33. Bh5 Bxc4 34. Qe1 Bxa6 35. Nb5 Qe5 36. Nxd4 Rxd4 37. Qc3 $2 (37. Qe3 {is the only way for White.}) 37... Qd5 $1 38. Ra1 Rd3 39. Qc7 f4 $2 (39... e3+ $1 $19 40. Bf3 Qc4 41. Qxa7 exf2 42. Qxa6 f1=B+ {[%mdl 64] Deflection, Decoy} 43. Kxf1 Rxf3+ {[%mdl 64] Discovered Attack (Double check)} 44. Kg2 Qxa6 45. Rxa6 Rd3) 40. Qb8+ (40. Ra5 $1 $11 f3+ 41. Kh3 $1 {[%mdl 512]}) 40... Kh7 $17 {( -> ...f3+)} 41. Qe8 {[%csl Ge8][%cal Rh5g6]} f3+ 42. Kh3 {[%csl Ge8][%cal Rh5g6] [#]} Bc8+ $1 {[%mdl 512]} 43. g4 {[%csl Ge8][%cal Rh5g6]} (43. Qxc8 Qxh5#) 43... Qe6 44. Rxa7 $2 {[%mdl 8192]} (44. Qxe6 $17 Bxe6 45. Ra6) 44... Qxe8 45. Bxe8 {[%mdl 4096] Endgame [#] KRB-KRB} e3 $1 {[%cal Re3e2]} 46. fxe3 Rxe3 47. Bb5 h5 $1 48. Kg3 Bxg4 $2 (48... hxg4 $19 {is more deadly. White must now prevent ...Re1.} 49. Rc7 Be6) 49. h3 $2 {[#]} (49. Kf2 $17 Re5 50. Bd3+ Bf5 51. Bc4) 49... f2+ $1 $19 50. Kxf2 Rxh3 51. Bf1 Rh2+ 52. Kg3 Rxb2 $2 (52... Rd2 $19 {aiming for ...Kg6.} 53. Rb7 Bd1) 53. Bd3+ $17 Kg8 {Hoping for ...Kf8.} 54. Bg6 {White threatens Ra8+ and mate.} Ra2 55. Bf7+ $2 {[%mdl 8192]} (55. Rb7 $17 {nothing else works.} Kf8 56. Rf7+ Ke8 57. Rxg7+ Kd8 58. Rb7) 55... Kh7 56. Rxa2 $2 (56. Rb7 $19) 56... bxa2 {Black mates.} 57. Bxa2 $19 {KB-KB} g5 58. Bf7 Kh6 59. Bd5 Bf5 60. Bc4 h4+ 61. Kf3 Kg6 62. Bb5 Kf6 63. Be8 Ke5 64. Bh5 Bd7 65. Ke3 g4 66. Bg6 Bc6 67. Bh5 h3 {Accuracy: White = 30%, Black = 58%.} 0-1

[Event "12th Arad Open 2019"]
[Site "Arad"]
[Date "2019.07.24"]
[Round "1.37"]
[White "Dicu, Razvan-Stefan"]
[Black "Nan, Adrian-Florin"]
[Result "1-0"]
[WhiteElo "2286"]
[BlackElo "1762"]
[Annotator "TA"]
[PlyCount "93"]
[EventDate "2019.07.24"]
[EventType "swiss"]
[EventCountry "ROU"]
[SourceTitle "playchess.com"]
[Source "ChessBase"]
[SourceQuality "1"]

{[%evp 9,92,5,85,66,103,72,67,39,132,93,229,225,220,233,174,149,174,164,217,223,320,325,304,315,443,440,559,551,583,392,364,312,317,177,224,225,266,279,375,250,249,252,252,252,235,233,435,443,430,358,341,335,378,379,399,364,475,466,462,462,453,429,456,434,622,622,1389,1407,1240,1199,1106,1080,2685,2662,2612,3851,29980,29981,29985,29986,29986,29984,29998,29999,29999]} 1. e4 d5 2. exd5 Nf6 3. d4 Nxd5 4. c4 Nb6 5. Nc3 c6 (5... e5 $1 $11 {remains equal.}) 6. Be3 {B01: Scandinavian Defence} (6. h3 g6 7. Nf3 Bg7 8. Be2 O-O 9. O-O N8d7 10. Be3 e5 11. d5 Re8 12. Qb3 Qe7 13. Rfd1 cxd5 14. cxd5 {1-0 (21) Sokolin,L (2508)-Al Thebaiti,A (1976) St Petersburg 2018}) 6... g6 7. h4 h5 8. Nh3 $146 {White is slightly better.} ({Predecessor:} 8. Qb3 Bg7 9. O-O-O Be6 10. Nf3 Qc8 11. Ng5 O-O 12. Be2 Na6 13. g4 Bxg4 14. Bxg4 Qxg4 {1-0 (38) Tsvetkov,P (2093)-Fokin,A Satka 2011}) 8... Be6 ({Better is} 8... Bg7 $14) 9. Ng5 Nxc4 (9... Qd7 $16 {was worth a try.}) 10. Nxe6 $18 Nxe3 11. fxe3 ({Not} 11. Nxd8 Nxd1 12. Nxf7 (12. Rxd1 Kxd8 13. d5 Kc8 $15) (12. Nxb7 Nxc3 13. bxc3 Nd7 $14) 12... Kxf7 $14) 11... fxe6 12. Bd3 $36 {[%mdl 2048] White has strong initiative.} Qc7 13. Bxg6+ Kd8 (13... Kd7 $142) 14. Qf3 Bg7 (14... Nd7 $142 15. Bxh5 Bh6) 15. O-O-O ({Resist} 15. Bxh5 $6 Nd7 $18) 15... Nd7 16. Bxh5 Qa5 (16... Qd6 {keeps fighting.} 17. Bf7 Kc7) 17. Bg4 Bf6 18. Kb1 Nf8 19. Ne4 Qd5 20. Rc1 {[#] Rc5 is the strong threat.} Nd7 21. Nxf6 (21. Qf4 $142) 21... Qxf3 22. gxf3 exf6 23. Bxe6 Re8 24. Bxd7 Kxd7 {[%mdl 4096] Endgame KRR-KRR} 25. e4 Re7 26. Rcg1 Rh8 27. Rg6 Rf7 $2 {[#]} (27... Ke6 {was called for.} 28. h5 Rd7) 28. h5 Ke7 29. Kc2 Rfh7 30. Kd3 Kf7 31. Rhg1 Rxh5 32. Rg7+ Ke6 33. Rxb7 R8h7 34. Rgg7 Rxg7 35. Rxg7 {KR-KR} Ra5 36. a3 Ra4 (36... Rb5 $142 37. Kc3 Rh5 38. Rxa7 Rh3) 37. f4 Ra5 38. f5+ Kd6 39. Rf7 Rb5 40. Rxf6+ Kc7 41. Rf7+ Kb6 42. b4 a5 43. Kc4 {White mates.} axb4 44. axb4 {[%cal Ba3b4,Bb4c5][%mdl 32]} Ka6 45. Rc7 Rc5+ 46. bxc5 Ka5 47. Ra7# {Accuracy: White = 67%, Black = 22%.} 1-0

[Event "12th Arad Open 2019"]
[Site "Arad"]
[Date "2019.07.24"]
[Round "1.38"]
[White "Brosman, Alexandru"]
[Black "Nastase, Robert-Paul"]
[Result "0-1"]
[WhiteElo "1753"]
[BlackElo "2283"]
[Annotator "TA"]
[PlyCount "110"]
[EventDate "2019.07.24"]
[EventType "swiss"]
[EventCountry "ROU"]
[SourceTitle "playchess.com"]
[Source "ChessBase"]
[SourceQuality "1"]

{[%evp 9,110,10,15,14,18,14,9,17,52,62,67,56,71,37,56,32,28,24,37,33,42,43,19,-13,0,-26,-11,-42,0,-38,-7,-57,0,-6,0,0,0,-10,-8,0,55,0,32,14,42,-22,-31,-23,-31,-33,-30,-47,-29,-50,-49,-102,-91,-102,-47,-36,-45,-47,-55,-154,-164,-152,-52,-63,-48,-129,-105,-381,-365,-262,-262,-277,0,-152,-142,-260,-272,-481,-468,-456,-441,-606,-593,-627,-627,-627,-620,-612,-609,-509,-443,-604,-602,-595,-592,-595,-570,-592,-558]} 1. g3 f5 2. b3 (2. Bg2 Nf6 3. d3 d6 4. e4 fxe4 5. dxe4 e5 6. Nd2 Be7 7. Ngf3 O-O 8. c3 Kh8 9. O-O a5 10. Nh4 Na6 11. Qc2 {0-1 (44) Turner,M (2545)-Cheparinov,I (2705) England 2018}) 2... d6 3. Bg2 Nf6 4. d4 g6 5. d5 $146 ({Predecessor:} 5. Bb2 Bg7 6. Nd2 O-O 7. e4 fxe4 8. Nxe4 Nxe4 9. Bxe4 c5 {½-½ (39) Zupec,J (1949)-Goriatchkin,J (2323) Pardubice 2011}) 5... Bg7 {And now ...Nxd5! would win.} 6. Bb2 $1 {A00: Irregular Openings} O-O 7. Nh3 c6 8. c4 {The position is equal.} Kh8 9. O-O e5 10. dxe6 Bxe6 11. Qc2 Na6 12. a3 Qe7 13. Nc3 Rac8 14. Nf4 Bg8 15. h4 d5 16. Na2 Ne4 17. Bxg7+ Qxg7 18. Bxe4 dxe4 19. Qc3 Nc5 {Hoping for ...Qxc3.} 20. Qc2 (20. Qe3 {feels hotter.} b6 21. Rad1 Rfd8 22. Nb4 Qf6 23. Nc2) 20... Rfd8 (20... b5 $15) 21. Rad1 $11 Bf7 22. Rxd8+ Rxd8 23. Rd1 Rxd1+ 24. Qxd1 Qb2 ({Black should play} 24... Qf6 $11) 25. Nc1 ({White should try} 25. Qd8+ $1 $14 Kg7 26. Qe7 Qxa2 27. Qxc5) 25... e3 26. fxe3 Ne4 27. Qd4+ (27. Qd8+ $14 Kg7 28. Ncd3 Qxa3 29. Qd4+ Kg8 30. b4) 27... Qxd4 28. exd4 Nxg3 {[%mdl 4096] Endgame KBN-KNN} 29. Kf2 Ne4+ 30. Ke3 h6 31. Ncd3 g5 32. Ng2 (32. Nh3 $15) 32... Kg7 $17 33. Ne5 Be6 (33... Bh5 $17 34. hxg5 hxg5) 34. hxg5 $15 hxg5 35. Ne1 Kf6 36. b4 ({Better is} 36. N1d3 $15) 36... Nd6 $17 37. Kd3 Bg8 (37... f4 $1 $17 38. e3 fxe3) 38. a4 a6 39. c5 (39. Nd7+ $15 Ke6 40. Ne5) 39... Ne4 40. Nc4 $2 {[%mdl 8192] [#]} (40. e3 $17) 40... Nf2+ $1 $19 41. Kc3 Nd1+ 42. Kd3 {[#]} Nf2+ (42... Bxc4+ $1 $19 43. Kxc4 f4) 43. Kc3 $1 $17 Bd5 44. Ne3 (44. Nb6 $17 {was called for.}) 44... Ke6 $19 45. N3g2 $2 (45. Kd2) 45... f4 {Black is clearly winning.} 46. Nf3 Kf5 47. Kd2 g4 48. Nfe1 Bxg2 49. Nxg2 {KN-KN} Ke4 50. d5 Kxd5 51. Nxf4+ Ke4 52. Ng2 g3 53. Ke1 Ng4 54. Kd2 Nf6 55. Ne3 {[#]} Nd5 $1 {[%mdl 512] Accuracy: White = 34%, Black = 54%.} 0-1